Judicial activism in India (Record no. 7302)

MARC details
000 -LEADER
fixed length control field 00554 a2200193 4500
001 - CONTROL NUMBER
control field 132968
003 - CONTROL NUMBER IDENTIFIER
control field OSt
005 - DATE AND TIME OF LATEST TRANSACTION
control field 20220330112057.0
008 - FIXED-LENGTH DATA ELEMENTS--GENERAL INFORMATION
fixed length control field
020 ## - INTERNATIONAL STANDARD BOOK NUMBER
International Standard Book Number 9780195668230
082 ## - DEWEY DECIMAL CLASSIFICATION NUMBER
Classification number 347.5401
Item number S82J
100 1# - MAIN ENTRY--PERSONAL NAME
Personal name Sathe, S P
245 1# - TITLE STATEMENT
Title Judicial activism in India
Statement of responsibility, etc by S P Sathe
250 ## - EDITION STATEMENT
Edition statement 2nd ed.
260 ## - PUBLICATION, DISTRIBUTION, ETC. (IMPRINT)
Place of publication, distribution, etc New Delhi
Name of publisher, distributor, etc Oxford University Press
Date of publication, distribution, etc 2012
300 ## - PHYSICAL DESCRIPTION
Extent 326p.
690 ## - LOCAL SUBJECT ADDED ENTRY--TOPICAL TERM (OCLC, RLIN)
Topical term or geographic name as entry element Political questions and judicial power; India. Supreme Court; Judicial process; Judicial review
942 ## - ADDED ENTRY ELEMENTS (KOHA)
Source of classification or shelving scheme Dewey Decimal Classification
Koha item type Books
Holdings
Withdrawn status Lost status Source of classification or shelving scheme Damaged status Not for loan Collection code Home library Current library Date acquired Source of acquisition Total Checkouts Full call number Barcode Date last seen Price effective from Koha item type
    Dewey Decimal Classification     General Text Book Central University Of Rajasthan Central University Of Rajasthan 24/07/2012 PPLG   347.5401 S82J 10543 21/11/2024 02/09/2020 Books